000 00615nam a2200265Ia 4500
005 20260306163901.0
008 008 260114s9999 xx 000 0 eng d
020 _a9781447302742
037 _aEBOOK
040 _aCRL
040 _beng
040 _cCRL
041 _2eng
041 _aeng
084 _qCRL
100 _aHills, Le Grand, Piachaud
_91129560
245 0 _aMaking Social Policy Work
260 _bThe Policy Press
260 _c2012
650 _aSocial Work
856 _uhttps://academic.oup.com/book/20460
942 _cEBOOK
999 _c1711873
_d1711873